[Event "Chessable Masters - Torneo preliminare"]
[White "Sadhwani, Raunak"]
[Black "Kevlishvili, Robby"]
[WhiteFideId "35093487"]
[BlackFideId "1040634"]
[WhiteElo "2550"]
[BlackElo "2577"]
[Result "0-1"]
[Round "2"]
[TimeControl "600+2"]
[Date "2023.03.13"]
[WhiteClock "0:01:09"]
[BlackClock "0:01:07"]

1. d4 {[%clk 0:10:01]}  d5 {[%clk 0:09:56]} 2. Nc3 {[%clk 0:10:01]}  Nf6 {[%clk 0:09:55]} 3. Bf4 {[%clk 0:10:02]}  a6 {[%clk 0:09:52]} 4. e3 {[%clk 0:09:53]}  Bf5 {[%clk 0:09:49]} 5. Bd3 {[%clk 0:09:25]}  Bg6 {[%clk 0:09:43]} 6. h4 {[%clk 0:09:25]}  e6 {[%clk 0:09:29]} 7. h5 {[%clk 0:09:24]}  Bxd3 {[%clk 0:09:30]} 8. cxd3 {[%clk 0:09:26]}  Bd6 {[%clk 0:09:19]} 9. h6 {[%clk 0:09:21]}  g6 {[%clk 0:08:54]} 10. Qb3 {[%clk 0:09:21]}  Bxf4 {[%clk 0:08:42]} 11. exf4 {[%clk 0:09:23]}  Nc6 {[%clk 0:08:38]} 12. Nf3 {[%clk 0:09:24]}  Qd6 {[%clk 0:08:24]} 13. g3 {[%clk 0:09:23]}  Qb4 {[%clk 0:08:08]} 14. Qxb4 {[%clk 0:08:56]}  Nxb4 {[%clk 0:08:09]} 15. Ke2 {[%clk 0:08:49]}  Nd7 {[%clk 0:08:02]} 16. a3 {[%clk 0:08:42]}  Nc6 {[%clk 0:08:02]} 17. Rac1 {[%clk 0:08:42]}  Ke7 {[%clk 0:08:01]} 18. Na4 {[%clk 0:08:30]}  f6 {[%clk 0:08:01]} 19. Rhe1 {[%clk 0:07:59]}  Kd6 {[%clk 0:08:02]} 20. Kd2 {[%clk 0:07:55]}  Rae8 {[%clk 0:07:55]} 21. Nc5 {[%clk 0:07:37]}  Nxc5 {[%clk 0:07:46]} 22. dxc5+ {[%clk 0:07:26]}  Kd7 {[%clk 0:07:47]} 23. d4 {[%clk 0:07:27]}  Rhf8 {[%clk 0:07:39]} 24. Rc3 {[%clk 0:07:27]}  g5 {[%clk 0:07:05]} 25. Rg1 {[%clk 0:04:56]}  g4 {[%clk 0:06:52]} 26. Nh2 {[%clk 0:04:55]}  Nxd4 {[%clk 0:04:25]} 27. Nxg4 {[%clk 0:04:55]}  e5 {[%clk 0:04:26]} 28. Rd3 {[%clk 0:04:32]}  Kc6 {[%clk 0:04:27]} 29. Re1 {[%clk 0:04:15]}  Kxc5 {[%clk 0:04:24]} 30. b4+ {[%clk 0:03:22]}  Kd6 {[%clk 0:04:22]} 31. Nxf6 {[%clk 0:03:22]}  Rxf6 {[%clk 0:04:19]} 32. Rxd4 {[%clk 0:03:22]}  Rxh6 {[%clk 0:04:11]} 33. fxe5+ {[%clk 0:03:15]}  Rxe5 {[%clk 0:04:11]} 34. Rxe5 {[%clk 0:03:17]}  Kxe5 {[%clk 0:04:13]} 35. Rg4 {[%clk 0:03:17]}  b6 {[%clk 0:04:02]} 36. Rg5+ {[%clk 0:02:40]}  Kd6 {[%clk 0:04:02]} 37. Rg8 {[%clk 0:02:37]}  Kc6 {[%clk 0:03:55]} 38. a4 {[%clk 0:02:31]}  Rf6 {[%clk 0:03:12]} 39. Ke2 {[%clk 0:02:01]}  Re6+ {[%clk 0:03:12]} 40. Kd3 {[%clk 0:01:57]}  Re4 {[%clk 0:03:08]} 41. Rg7 {[%clk 0:01:58]}  Rxb4 {[%clk 0:03:03]} 42. Rxh7 {[%clk 0:01:59]}  Rxa4 {[%clk 0:03:05]} 43. Rg7 {[%clk 0:02:00]}  Kd6 {[%clk 0:03:05]} 44. f4 {[%clk 0:02:01]}  c5 {[%clk 0:03:06]} 45. f5 {[%clk 0:02:03]}  Ke5 {[%clk 0:03:05]} 46. g4 {[%clk 0:02:00]}  c4+ {[%clk 0:02:45]} 47. Ke2 {[%clk 0:01:59]}  Ra2+ {[%clk 0:02:44]} 48. Kf3 {[%clk 0:01:56]}  Ra3+ {[%clk 0:02:43]} 49. Kf2 {[%clk 0:01:44]}  c3 {[%clk 0:02:28]} 50. Re7+ {[%clk 0:01:40]}  Kf4 {[%clk 0:01:59]} 51. f6 {[%clk 0:01:40]}  c2 {[%clk 0:01:48]} 52. f7 {[%clk 0:01:21]}  Rf3+ {[%clk 0:01:49]} 53. Ke2 {[%clk 0:01:19]}  Kxg4 {[%clk 0:01:50]} 54. Kd2 {[%clk 0:01:20]}  Rf2+ {[%clk 0:01:45]} 55. Kc1 {[%clk 0:01:21]}  d4 {[%clk 0:01:42]} 56. Re4+ {[%clk 0:01:16]}  Kg5 {[%clk 0:01:43]} 57. Rxd4 {[%clk 0:01:15]}  Rxf7 {[%clk 0:01:40]} 58. Kxc2 {[%clk 0:01:16]}  Kf5 {[%clk 0:01:41]} 59. Rd6 {[%clk 0:01:13]}  Rf6 {[%clk 0:01:42]} 60. Rd8 {[%clk 0:01:14]}  Ke5 {[%clk 0:01:43]} 61. Ra8 {[%clk 0:01:15]}  a5 {[%clk 0:01:40]} 62. Kb3 {[%clk 0:01:15]}  Kd5 {[%clk 0:01:41]} 63. Ka4 {[%clk 0:01:15]}  Rf4+ {[%clk 0:01:40]} 64. Ka3 {[%clk 0:01:16]}  Kc5 {[%clk 0:01:41]} 65. Rc8+ {[%clk 0:01:17]}  Kb5 {[%clk 0:01:42]} 66. Rc3 {[%clk 0:01:19]}  Rc4 {[%clk 0:01:39]} 67. Rh3 {[%clk 0:01:20]}  Rd4 {[%clk 0:01:39]} 68. Kb3 {[%clk 0:01:21]}  Kc5 {[%clk 0:01:39]} 69. Rh5+ {[%clk 0:01:22]}  Rd5 {[%clk 0:01:40]} 70. Rh3 {[%clk 0:01:23]}  b5 {[%clk 0:01:41]} 71. Rc3+ {[%clk 0:01:25]}  Kb6 {[%clk 0:01:42]} 72. Rh3 {[%clk 0:01:27]}  a4+ {[%clk 0:01:43]} 73. Ka3 {[%clk 0:01:28]}  Ka5 {[%clk 0:01:44]} 74. Rh4 {[%clk 0:01:30]}  b4+ {[%clk 0:01:45]} 75. Kb2 {[%clk 0:01:30]}  Rd2+ {[%clk 0:01:46]} 76. Kb1 {[%clk 0:01:27]}  a3 {[%clk 0:01:47]} 77. Rh3 {[%clk 0:01:21]}  Ka4 {[%clk 0:01:44]} 78. Rh4 {[%clk 0:01:20]}  Rb2+ {[%clk 0:01:39]} 79. Ka1 {[%clk 0:01:20]}  Rc2 {[%clk 0:01:40]} 80. Kb1 {[%clk 0:01:13]}  Re2 {[%clk 0:01:28]} 81. Ka1 {[%clk 0:01:09]}  Rd2 {[%clk 0:01:13]} 82. Kb1 {[%clk 0:01:08]}  Kb3 {[%clk 0:01:14]} 83. Rh3+ {[%clk 0:01:09]}  Kc4 {[%clk 0:01:15]} 84. Rh4+ {[%clk 0:01:06]}  Kc3 {[%clk 0:01:15]} 85. Rh3+ {[%clk 0:01:03]}  Rd3 {[%clk 0:01:16]} 86. Rh1 {[%clk 0:01:05]}  b3 {[%clk 0:01:16]} 87. Rc1+ {[%clk 0:01:05]}  Kb4 {[%clk 0:01:18]} 88. Rh1 {[%clk 0:01:06]}  Rc3 {[%clk 0:01:16]} 89. Rh4+ {[%clk 0:01:07]}  Rc4 {[%clk 0:01:17]} 90. Rh1 {[%clk 0:01:08]}  a2+ {[%clk 0:01:08]} 91. Ka1 {[%clk 0:01:09]}  Ka3 {[%clk 0:01:07]} 0-1


[Site "Internet"]

[Event "Chessable Masters - Torneo preliminare"]
[White "Le, Quang Liem"]
[Black "Shyam, Sundar M."]
[WhiteFideId "12401137"]
[BlackFideId "5019141"]
[WhiteElo "2661"]
[BlackElo "2464"]
[Result "1-0"]
[Round "2"]
[TimeControl "600+2"]
[Date "2023.03.13"]
[WhiteClock "0:07:23"]
[BlackClock "0:00:49"]

1. d4 {[%clk 0:10:01]}  Nf6 {[%clk 0:09:54]} 2. Nf3 {[%clk 0:10:02]}  g6 {[%clk 0:09:54]} 3. Bf4 {[%clk 0:09:58]}  Bg7 {[%clk 0:09:51]} 4. Nc3 {[%clk 0:09:59]}  d5 {[%clk 0:09:26]} 5. Nb5 {[%clk 0:09:59]}  Na6 {[%clk 0:09:28]} 6. e3 {[%clk 0:09:59]}  O-O {[%clk 0:08:47]} 7. h3 {[%clk 0:09:59]}  Ne4 {[%clk 0:07:48]} 8. Nd2 {[%clk 0:10:00]}  Nxd2 {[%clk 0:07:39]} 9. Qxd2 {[%clk 0:10:02]}  c6 {[%clk 0:07:41]} 10. Nc3 {[%clk 0:10:03]}  Nc7 {[%clk 0:07:35]} 11. O-O-O {[%clk 0:10:04]}  b5 {[%clk 0:07:24]} 12. h4 {[%clk 0:10:04]}  h5 {[%clk 0:06:53]} 13. Be2 {[%clk 0:09:56]}  f6 {[%clk 0:05:16]} 14. g4 {[%clk 0:09:47]}  Bxg4 {[%clk 0:05:09]} 15. Bxg4 {[%clk 0:09:45]}  hxg4 {[%clk 0:05:11]} 16. Rdg1 {[%clk 0:09:46]}  e5 {[%clk 0:05:00]} 17. Bh2 {[%clk 0:09:20]}  Qd7 {[%clk 0:04:55]} 18. f3 {[%clk 0:09:18]}  Bh6 {[%clk 0:03:35]} 19. Rxg4 {[%clk 0:08:30]}  Kh7 {[%clk 0:03:18]} 20. h5 {[%clk 0:08:03]}  exd4 {[%clk 0:03:05]} 21. hxg6+ {[%clk 0:07:52]}  Kg7 {[%clk 0:03:05]} 22. Bf4 {[%clk 0:07:52]}  Bxf4 {[%clk 0:01:51]} 23. Rh7+ {[%clk 0:07:49]}  Kg8 {[%clk 0:01:52]} 24. exf4 {[%clk 0:07:38]}  Qe6 {[%clk 0:01:27]} 25. f5 {[%clk 0:07:21]}  dxc3 {[%clk 0:00:46]} 26. Rh8+ {[%clk 0:07:21]}  Kxh8 {[%clk 0:00:47]} 27. Qh6+ {[%clk 0:07:22]}  Kg8 {[%clk 0:00:49]} 28. Qh7# {[%clk 0:07:23]} 1-0


[Site "Internet"]

[Event "Chessable Masters - Torneo preliminare"]
[White "Abdusattorov, Nodirbek"]
[Black "Vasquez Schroeder, Rodrigo"]
[WhiteFideId "14204118"]
[BlackFideId "3400042"]
[WhiteElo "2714"]
[BlackElo "2589"]
[Result "1-0"]
[Round "2"]
[TimeControl "600+2"]
[Date "2023.03.13"]
[WhiteClock "0:08:16"]
[BlackClock "0:06:47"]

1. e4 {[%clk 0:10:01]}  c5 {[%clk 0:10:00]} 2. Nf3 {[%clk 0:10:02]}  d6 {[%clk 0:10:01]} 3. c3 {[%clk 0:10:00]}  Nf6 {[%clk 0:10:00]} 4. Be2 {[%clk 0:10:01]}  Bg4 {[%clk 0:09:59]} 5. h3 {[%clk 0:09:58]}  Bh5 {[%clk 0:09:59]} 6. O-O {[%clk 0:09:58]}  Nc6 {[%clk 0:09:59]} 7. d4 {[%clk 0:09:58]}  cxd4 {[%clk 0:09:21]} 8. cxd4 {[%clk 0:09:58]}  d5 {[%clk 0:09:21]} 9. e5 {[%clk 0:09:49]}  Ne4 {[%clk 0:09:22]} 10. e6 {[%clk 0:09:31]}  fxe6 {[%clk 0:08:59]} 11. Nc3 {[%clk 0:09:32]}  Nxc3 {[%clk 0:08:37]} 12. bxc3 {[%clk 0:09:32]}  Qd6 {[%clk 0:08:38]} 13. Re1 {[%clk 0:09:11]}  Bg6 {[%clk 0:08:13]} 14. Ng5 {[%clk 0:08:46]}  Bf5 {[%clk 0:07:05]} 15. Bg4 {[%clk 0:08:34]}  Bxg4 {[%clk 0:06:58]} 16. Qxg4 {[%clk 0:08:36]}  e5 {[%clk 0:06:57]} 17. dxe5 {[%clk 0:08:19]}  Nxe5 {[%clk 0:06:47]} 18. Rxe5 {[%clk 0:08:16]} 1-0


[Site "Internet"]

[Event "Chessable Masters - Torneo preliminare"]
[White "Keymer, Vincent"]
[Black "Aditya, Mittal"]
[WhiteFideId "12940690"]
[BlackFideId "35042025"]
[WhiteElo "2630"]
[BlackElo "2386"]
[Result "0-1"]
[Round "2"]
[TimeControl "600+2"]
[Date "2023.03.13"]
[WhiteClock "0:00:04"]
[BlackClock "0:00:11"]

1. c4 {[%clk 0:10:01]}  Nf6 {[%clk 0:10:00]} 2. Nf3 {[%clk 0:10:01]}  e6 {[%clk 0:10:01]} 3. Nc3 {[%clk 0:10:02]}  d5 {[%clk 0:10:02]} 4. e3 {[%clk 0:10:03]}  c5 {[%clk 0:10:02]} 5. cxd5 {[%clk 0:10:04]}  exd5 {[%clk 0:10:03]} 6. Bb5+ {[%clk 0:10:04]}  Nc6 {[%clk 0:10:03]} 7. Ne5 {[%clk 0:10:03]}  Qc7 {[%clk 0:09:58]} 8. Qa4 {[%clk 0:10:04]}  Bd7 {[%clk 0:09:58]} 9. Nxd7 {[%clk 0:10:02]}  Qxd7 {[%clk 0:10:00]} 10. Bxc6 {[%clk 0:10:04]}  bxc6 {[%clk 0:10:02]} 11. b3 {[%clk 0:10:00]}  Bd6 {[%clk 0:09:54]} 12. O-O {[%clk 0:09:30]}  O-O {[%clk 0:09:48]} 13. Ba3 {[%clk 0:09:29]}  Rab8 {[%clk 0:09:35]} 14. Rac1 {[%clk 0:08:52]}  Rfe8 {[%clk 0:09:34]} 15. Qh4 {[%clk 0:06:34]}  Re5 {[%clk 0:08:35]} 16. f4 {[%clk 0:06:20]}  Rh5 {[%clk 0:08:36]} 17. Qg3 {[%clk 0:06:11]}  Re8 {[%clk 0:07:14]} 18. Qf3 {[%clk 0:05:15]}  Rh6 {[%clk 0:05:50]} 19. Ne2 {[%clk 0:04:47]}  Ne4 {[%clk 0:05:27]} 20. Rc2 {[%clk 0:04:16]}  g5 {[%clk 0:05:24]} 21. h3 {[%clk 0:03:33]}  f5 {[%clk 0:04:25]} 22. fxg5 {[%clk 0:03:05]}  Nxg5 {[%clk 0:04:26]} 23. Qxf5 {[%clk 0:02:46]}  Nxh3+ {[%clk 0:04:23]} 24. gxh3 {[%clk 0:02:35]}  Rg6+ {[%clk 0:04:24]} 25. Kh1 {[%clk 0:02:18]}  Rf8 {[%clk 0:04:25]} 26. Qxf8+ {[%clk 0:02:19]}  Bxf8 {[%clk 0:04:26]} 27. Nf4 {[%clk 0:02:21]}  Bd6 {[%clk 0:04:20]} 28. Kh2 {[%clk 0:02:06]}  Qf5 {[%clk 0:03:59]} 29. Rcc1 {[%clk 0:01:34]}  Qg5 {[%clk 0:02:39]} 30. Rg1 {[%clk 0:01:24]}  Bxf4+ {[%clk 0:02:40]} 31. exf4 {[%clk 0:01:26]}  Qxf4+ {[%clk 0:02:42]} 32. Kh1 {[%clk 0:01:28]}  Qf3+ {[%clk 0:02:18]} 33. Kh2 {[%clk 0:01:29]}  Qf2+ {[%clk 0:02:20]} 34. Kh1 {[%clk 0:01:31]}  Rxg1+ {[%clk 0:02:04]} 35. Rxg1+ {[%clk 0:01:31]}  Kf7 {[%clk 0:02:05]} 36. Rg2 {[%clk 0:01:30]}  Qe1+ {[%clk 0:02:01]} 37. Kh2 {[%clk 0:01:27]}  d4 {[%clk 0:01:53]} 38. d3 {[%clk 0:01:19]}  Qe5+ {[%clk 0:01:46]} 39. Rg3 {[%clk 0:01:03]}  Qe2+ {[%clk 0:01:33]} 40. Rg2 {[%clk 0:01:02]}  Qxd3 {[%clk 0:01:28]} 41. Bxc5 {[%clk 0:01:03]}  Qc3 {[%clk 0:01:12]} 42. Bxa7 {[%clk 0:01:03]}  d3 {[%clk 0:01:12]} 43. Rf2+ {[%clk 0:01:04]}  Ke6 {[%clk 0:01:08]} 44. Be3 {[%clk 0:01:06]}  Qe5+ {[%clk 0:01:00]} 45. Bf4 {[%clk 0:01:07]}  Qe1 {[%clk 0:00:52]} 46. Kg2 {[%clk 0:01:03]}  Kd5 {[%clk 0:00:39]} 47. Bd2 {[%clk 0:01:03]}  Qb1 {[%clk 0:00:37]} 48. Bc3 {[%clk 0:00:55]}  Ke4 {[%clk 0:00:33]} 49. b4 {[%clk 0:00:50]}  Kd5 {[%clk 0:00:19]} 50. a4 {[%clk 0:00:46]}  Kc4 {[%clk 0:00:20]} 51. Bd2 {[%clk 0:00:45]}  Qa1 {[%clk 0:00:18]} 52. a5 {[%clk 0:00:46]}  h5 {[%clk 0:00:17]} 53. Rf4+ {[%clk 0:00:18]}  Kb3 {[%clk 0:00:19]} 54. Rf3 {[%clk 0:00:20]}  Qg7+ {[%clk 0:00:14]} 55. Kh2 {[%clk 0:00:21]}  Qe5+ {[%clk 0:00:12]} 56. Kg2 {[%clk 0:00:21]}  Qe2+ {[%clk 0:00:13]} 57. Rf2 {[%clk 0:00:22]}  Qe4+ {[%clk 0:00:14]} 58. Kg1 {[%clk 0:00:20]}  Qc4 {[%clk 0:00:09]} 59. Rf4 {[%clk 0:00:19]}  Qc2 {[%clk 0:00:09]} 60. Rf2 {[%clk 0:00:20]}  Qd1+ {[%clk 0:00:10]} 61. Kg2 {[%clk 0:00:19]}  Qa1 {[%clk 0:00:11]} 62. Rf3 {[%clk 0:00:19]}  Qg7+ {[%clk 0:00:11]} 63. Kh2 {[%clk 0:00:20]}  Qe5+ {[%clk 0:00:12]} 64. Kg2 {[%clk 0:00:22]}  Qe4 {[%clk 0:00:11]} 65. Kg3 {[%clk 0:00:09]}  h4+ {[%clk 0:00:12]} 66. Kg2 {[%clk 0:00:11]}  Kc2 {[%clk 0:00:12]} 67. Bf4 {[%clk 0:00:08]}  d2 {[%clk 0:00:08]} 68. Bxd2 {[%clk 0:00:06]}  Kxd2 {[%clk 0:00:10]} 69. a6 {[%clk 0:00:04]}  Ke2 {[%clk 0:00:11]} 0-1


[Site "Internet"]

[Event "Chessable Masters - Torneo preliminare"]
[White "Fier, Alexandr"]
[Black "Petrov, Nikita"]
[WhiteFideId "2107139"]
[BlackFideId "4101286"]
[WhiteElo "2504"]
[BlackElo "2514"]
[Result "1/2-1/2"]
[Round "2"]
[TimeControl "600+2"]
[Date "2023.03.13"]
[WhiteClock "0:01:16"]
[BlackClock "0:00:11"]

1. e4 {[%clk 0:10:01]}  e5 {[%clk 0:09:59]} 2. Nf3 {[%clk 0:10:01]}  Nc6 {[%clk 0:10:00]} 3. Bc4 {[%clk 0:10:02]}  Bc5 {[%clk 0:10:00]} 4. c3 {[%clk 0:10:03]}  Nf6 {[%clk 0:10:00]} 5. d4 {[%clk 0:10:04]}  exd4 {[%clk 0:10:00]} 6. e5 {[%clk 0:10:05]}  d5 {[%clk 0:09:59]} 7. Bb5 {[%clk 0:10:06]}  Ne4 {[%clk 0:10:00]} 8. cxd4 {[%clk 0:10:07]}  Bb6 {[%clk 0:09:59]} 9. Nc3 {[%clk 0:10:08]}  O-O {[%clk 0:09:45]} 10. Be3 {[%clk 0:10:09]}  f5 {[%clk 0:09:16]} 11. exf6 {[%clk 0:10:04]}  Nxf6 {[%clk 0:09:16]} 12. Bxc6 {[%clk 0:09:55]}  bxc6 {[%clk 0:09:17]} 13. Ne5 {[%clk 0:09:53]}  Bb7 {[%clk 0:05:43]} 14. O-O {[%clk 0:09:49]}  Nd7 {[%clk 0:05:44]} 15. Nxd7 {[%clk 0:08:27]}  Qxd7 {[%clk 0:05:46]} 16. Na4 {[%clk 0:08:27]}  Ba6 {[%clk 0:05:35]} 17. Re1 {[%clk 0:08:26]}  Qf5 {[%clk 0:05:06]} 18. Qd2 {[%clk 0:07:57]}  Bb5 {[%clk 0:04:32]} 19. Nc5 {[%clk 0:07:55]}  Bxc5 {[%clk 0:04:14]} 20. dxc5 {[%clk 0:07:57]}  a5 {[%clk 0:04:09]} 21. Bd4 {[%clk 0:07:55]}  a4 {[%clk 0:03:15]} 22. Re3 {[%clk 0:07:22]}  Rae8 {[%clk 0:03:11]} 23. Rae1 {[%clk 0:07:21]}  Rxe3 {[%clk 0:02:45]} 24. Qxe3 {[%clk 0:07:23]}  h6 {[%clk 0:02:31]} 25. h3 {[%clk 0:06:33]}  Rf7 {[%clk 0:02:23]} 26. a3 {[%clk 0:05:51]}  Qd3 {[%clk 0:01:31]} 27. Qe8+ {[%clk 0:05:28]}  Rf8 {[%clk 0:01:31]} 28. Qe6+ {[%clk 0:05:29]}  Rf7 {[%clk 0:01:31]} 29. Qe8+ {[%clk 0:04:25]}  Rf8 {[%clk 0:01:31]} 30. Qe5 {[%clk 0:04:27]}  Rf7 {[%clk 0:01:17]} 31. f3 {[%clk 0:04:27]}  Qf5 {[%clk 0:00:41]} 32. Qxf5 {[%clk 0:03:18]}  Rxf5 {[%clk 0:00:43]} 33. Re8+ {[%clk 0:03:20]}  Rf8 {[%clk 0:00:43]} 34. Rxf8+ {[%clk 0:03:21]}  Kxf8 {[%clk 0:00:43]} 35. Kf2 {[%clk 0:03:18]}  Kf7 {[%clk 0:00:41]} 36. Be5 {[%clk 0:03:04]}  g6 {[%clk 0:00:40]} 37. Bxc7 {[%clk 0:03:04]}  h5 {[%clk 0:00:38]} 38. Be5 {[%clk 0:03:04]}  Ke6 {[%clk 0:00:39]} 39. Bd4 {[%clk 0:03:05]}  Bc4 {[%clk 0:00:38]} 40. g4 {[%clk 0:03:05]}  Bb3 {[%clk 0:00:36]} 41. Kg3 {[%clk 0:03:04]}  Bd1 {[%clk 0:00:27]} 42. f4 {[%clk 0:03:03]}  hxg4 {[%clk 0:00:28]} 43. hxg4 {[%clk 0:03:04]}  Bc2 {[%clk 0:00:29]} 44. Kh4 {[%clk 0:03:05]}  Bd3 {[%clk 0:00:26]} 45. Kg5 {[%clk 0:03:06]}  Bc2 {[%clk 0:00:23]} 46. Kh6 {[%clk 0:02:57]}  Kf7 {[%clk 0:00:16]} 47. Bc3 {[%clk 0:02:25]}  Bd3 {[%clk 0:00:17]} 48. b3 {[%clk 0:02:04]}  axb3 {[%clk 0:00:19]} 49. a4 {[%clk 0:02:05]}  Ba6 {[%clk 0:00:11]} 50. a5 {[%clk 0:02:05]}  Bd3 {[%clk 0:00:12]} 51. Bd4 {[%clk 0:02:05]}  Kg8 {[%clk 0:00:10]} 52. Kg5 {[%clk 0:02:05]}  Kf7 {[%clk 0:00:11]} 53. f5 {[%clk 0:02:07]}  gxf5 {[%clk 0:00:12]} 54. gxf5 {[%clk 0:02:09]}  Bb5 {[%clk 0:00:08]} 55. Kf4 {[%clk 0:02:10]}  Ke7 {[%clk 0:00:07]} 56. Ke5 {[%clk 0:02:11]}  Bc4 {[%clk 0:00:05]} 57. Bb2 {[%clk 0:01:59]}  Bd3 {[%clk 0:00:06]} 58. Kf4 {[%clk 0:01:24]}  Bc4 {[%clk 0:00:06]} 59. Kg5 {[%clk 0:01:25]}  Kf7 {[%clk 0:00:08]} 60. f6 {[%clk 0:01:14]}  Bd3 {[%clk 0:00:09]} 61. Kf4 {[%clk 0:01:15]}  Ke6 {[%clk 0:00:09]} 62. Kg5 {[%clk 0:01:14]}  Kf7 {[%clk 0:00:10]} 63. Bd4 {[%clk 0:01:15]}  Ke6 {[%clk 0:00:05]} 64. Kf4 {[%clk 0:01:14]}  Bb5 {[%clk 0:00:05]} 65. Kg4 {[%clk 0:01:12]}  Bd3 {[%clk 0:00:05]} 66. Kg5 {[%clk 0:01:14]}  Kf7 {[%clk 0:00:06]} 67. Kh6 {[%clk 0:01:15]}  Bb5 {[%clk 0:00:06]} 68. Kh5 {[%clk 0:01:12]}  Be2+ {[%clk 0:00:07]} 69. Kg5 {[%clk 0:01:12]}  Bd3 {[%clk 0:00:08]} 70. Kf4 {[%clk 0:01:13]}  Ke6 {[%clk 0:00:09]} 71. Ke3 {[%clk 0:01:14]}  Bb5 {[%clk 0:00:11]} 72. Kd2 {[%clk 0:01:15]}  Bc4 {[%clk 0:00:11]} 73. Kc3 {[%clk 0:01:16]}  Kf7 {[%clk 0:00:11]} 1/2-1/2


[Site "Internet"]

[Event "Chessable Masters - Torneo preliminare"]
[White "Kosteniuk, Alexandra"]
[Black "Vaibhav, Suri"]
[WhiteFideId "4128125"]
[BlackFideId "5045185"]
[WhiteElo "2524"]
[BlackElo "2543"]
[Result "1-0"]
[Round "2"]
[TimeControl "600+2"]
[Date "2023.03.13"]
[WhiteClock "0:00:21"]
[BlackClock "0:00:18"]

1. e4 {[%clk 0:10:01]}  e5 {[%clk 0:10:00]} 2. Nf3 {[%clk 0:10:01]}  Nc6 {[%clk 0:10:01]} 3. Bc4 {[%clk 0:10:02]}  Bc5 {[%clk 0:09:57]} 4. c3 {[%clk 0:10:03]}  Nf6 {[%clk 0:09:58]} 5. d4 {[%clk 0:10:03]}  exd4 {[%clk 0:09:59]} 6. cxd4 {[%clk 0:10:04]}  Bb4+ {[%clk 0:10:00]} 7. Nbd2 {[%clk 0:10:03]}  Nxe4 {[%clk 0:09:48]} 8. d5 {[%clk 0:10:02]}  Ne7 {[%clk 0:09:47]} 9. O-O {[%clk 0:09:48]}  Nxd2 {[%clk 0:09:48]} 10. Nxd2 {[%clk 0:09:46]}  O-O {[%clk 0:09:43]} 11. Ne4 {[%clk 0:09:18]}  d6 {[%clk 0:08:45]} 12. a3 {[%clk 0:08:59]}  Ba5 {[%clk 0:08:44]} 13. b4 {[%clk 0:08:58]}  Bb6 {[%clk 0:08:45]} 14. Bb2 {[%clk 0:08:30]}  Ng6 {[%clk 0:08:42]} 15. Qd2 {[%clk 0:08:05]}  Ne5 {[%clk 0:07:02]} 16. Be2 {[%clk 0:04:11]}  Qh4 {[%clk 0:06:51]} 17. Ng5 {[%clk 0:04:10]}  h6 {[%clk 0:04:10]} 18. Nf3 {[%clk 0:04:00]}  Nxf3+ {[%clk 0:04:10]} 19. Bxf3 {[%clk 0:04:02]}  Bf5 {[%clk 0:04:11]} 20. Qc3 {[%clk 0:03:50]}  Qg5 {[%clk 0:04:02]} 21. h4 {[%clk 0:03:36]}  Qg6 {[%clk 0:04:02]} 22. Bh5 {[%clk 0:03:24]}  Qh7 {[%clk 0:04:01]} 23. Rfe1 {[%clk 0:03:20]}  Bg6 {[%clk 0:03:18]} 24. Bf3 {[%clk 0:02:47]}  a5 {[%clk 0:03:08]} 25. Re7 {[%clk 0:02:40]}  axb4 {[%clk 0:02:50]} 26. axb4 {[%clk 0:02:42]}  Rxa1+ {[%clk 0:02:51]} 27. Bxa1 {[%clk 0:02:43]}  h5 {[%clk 0:02:48]} 28. Bb2 {[%clk 0:02:32]}  f6 {[%clk 0:02:47]} 29. Qe1 {[%clk 0:02:09]}  Kh8 {[%clk 0:01:58]} 30. Qe2 {[%clk 0:01:27]}  Qh6 {[%clk 0:01:56]} 31. g3 {[%clk 0:01:28]}  Ra8 {[%clk 0:01:34]} 32. Kg2 {[%clk 0:01:11]}  Rf8 {[%clk 0:01:05]} 33. Qe1 {[%clk 0:01:04]}  Qh7 {[%clk 0:01:04]} 34. Qd1 {[%clk 0:00:40]}  Re8 {[%clk 0:01:01]} 35. Rxe8+ {[%clk 0:00:25]}  Bxe8 {[%clk 0:01:02]} 36. Qe2 {[%clk 0:00:25]}  Bf7 {[%clk 0:00:53]} 37. Be4 {[%clk 0:00:10]}  Qg8 {[%clk 0:00:52]} 38. Qf3 {[%clk 0:00:11]}  Qe8 {[%clk 0:00:51]} 39. Qf5 {[%clk 0:00:11]}  Kg8 {[%clk 0:00:45]} 40. Qh7+ {[%clk 0:00:11]}  Kf8 {[%clk 0:00:47]} 41. Qh8+ {[%clk 0:00:13]}  Bg8 {[%clk 0:00:47]} 42. Bh7 {[%clk 0:00:08]}  Qf7 {[%clk 0:00:45]} 43. Bxg8 {[%clk 0:00:09]}  Qxg8 {[%clk 0:00:46]} 44. Qxh5 {[%clk 0:00:11]}  Qf7 {[%clk 0:00:40]} 45. Qf5 {[%clk 0:00:11]}  Ke7 {[%clk 0:00:36]} 46. h5 {[%clk 0:00:11]}  c6 {[%clk 0:00:36]} 47. dxc6 {[%clk 0:00:11]}  bxc6 {[%clk 0:00:38]} 48. Qe4+ {[%clk 0:00:11]}  Kd7 {[%clk 0:00:39]} 49. Qg4+ {[%clk 0:00:12]}  Kc7 {[%clk 0:00:39]} 50. Qf3 {[%clk 0:00:10]}  Qe6 {[%clk 0:00:31]} 51. Bc3 {[%clk 0:00:10]}  d5 {[%clk 0:00:31]} 52. Bd2 {[%clk 0:00:11]}  Kd7 {[%clk 0:00:31]} 53. g4 {[%clk 0:00:11]}  Bc7 {[%clk 0:00:32]} 54. Be3 {[%clk 0:00:11]}  Qe5 {[%clk 0:00:31]} 55. Bc5 {[%clk 0:00:10]}  Bd6 {[%clk 0:00:26]} 56. Bxd6 {[%clk 0:00:10]}  Kxd6 {[%clk 0:00:28]} 57. Qa3 {[%clk 0:00:09]}  Qe4+ {[%clk 0:00:22]} 58. Kg3 {[%clk 0:00:09]}  Ke6 {[%clk 0:00:18]} 59. Qa8 {[%clk 0:00:09]}  d4 {[%clk 0:00:14]} 60. Qg8+ {[%clk 0:00:08]}  Kd6 {[%clk 0:00:14]} 61. Qxg7 {[%clk 0:00:10]}  Qe5+ {[%clk 0:00:12]} 62. Kg2 {[%clk 0:00:10]}  d3 {[%clk 0:00:14]} 63. Qf8+ {[%clk 0:00:11]}  Kd5 {[%clk 0:00:15]} 64. Qd8+ {[%clk 0:00:11]}  Kc4 {[%clk 0:00:16]} 65. h6 {[%clk 0:00:12]}  Qe4+ {[%clk 0:00:13]} 66. Kg3 {[%clk 0:00:12]}  Qe5+ {[%clk 0:00:14]} 67. Kg2 {[%clk 0:00:13]}  Qe2 {[%clk 0:00:13]} 68. Kg3 {[%clk 0:00:07]}  d2 {[%clk 0:00:09]} 69. h7 {[%clk 0:00:08]}  Qe5+ {[%clk 0:00:08]} 70. Kh3 {[%clk 0:00:07]}  Qd5 {[%clk 0:00:04]} 71. Qxd5+ {[%clk 0:00:08]}  cxd5 {[%clk 0:00:04]} 72. h8=Q {[%clk 0:00:09]}  d1=Q {[%clk 0:00:06]} 73. Qxf6 {[%clk 0:00:10]}  Qh1+ {[%clk 0:00:07]} 74. Kg3 {[%clk 0:00:11]}  d4 {[%clk 0:00:09]} 75. Qf7+ {[%clk 0:00:05]}  Kc3 {[%clk 0:00:10]} 76. Qc7+ {[%clk 0:00:06]}  Kd2 {[%clk 0:00:08]} 77. Qf4+ {[%clk 0:00:06]}  Kc3 {[%clk 0:00:10]} 78. Qe5 {[%clk 0:00:06]}  Qg1+ {[%clk 0:00:08]} 79. Kf3 {[%clk 0:00:07]}  Qh1+ {[%clk 0:00:09]} 80. Kg3 {[%clk 0:00:08]}  Qg1+ {[%clk 0:00:11]} 81. Kf3 {[%clk 0:00:09]}  Qh1+ {[%clk 0:00:12]} 82. Ke2 {[%clk 0:00:08]}  Qg1 {[%clk 0:00:04]} 83. Qc5+ {[%clk 0:00:08]}  Kb3 {[%clk 0:00:04]} 84. Qxd4 {[%clk 0:00:09]}  Qg2 {[%clk 0:00:04]} 85. g5 {[%clk 0:00:08]}  Kc2 {[%clk 0:00:04]} 86. Qc4+ {[%clk 0:00:08]}  Kb2 {[%clk 0:00:05]} 87. Qd4+ {[%clk 0:00:09]}  Kc2 {[%clk 0:00:06]} 88. Qd3+ {[%clk 0:00:11]}  Kb2 {[%clk 0:00:07]} 89. g6 {[%clk 0:00:12]}  Qg4+ {[%clk 0:00:07]} 90. f3 {[%clk 0:00:13]}  Qg2+ {[%clk 0:00:09]} 91. Ke3 {[%clk 0:00:15]}  Qg5+ {[%clk 0:00:10]} 92. Kf2 {[%clk 0:00:15]}  Qh4+ {[%clk 0:00:11]} 93. Ke2 {[%clk 0:00:17]}  Qh2+ {[%clk 0:00:12]} 94. Ke3 {[%clk 0:00:18]}  Qg1+ {[%clk 0:00:14]} 95. Kf4 {[%clk 0:00:17]}  Qh2+ {[%clk 0:00:15]} 96. Kf5 {[%clk 0:00:18]}  Qh5+ {[%clk 0:00:16]} 97. Ke6 {[%clk 0:00:19]}  Qh3+ {[%clk 0:00:16]} 98. Qf5 {[%clk 0:00:20]}  Qh6 {[%clk 0:00:16]} 99. Qf6+ {[%clk 0:00:21]}  Kb3 {[%clk 0:00:18]} 100. g7 {[%clk 0:00:21]} 1-0


[Site "Internet"]